000 01102nam a22002897i 4500
003 EG-ScBUE
005 20251207101424.0
008 100329s2009 ii a f b 00010 eeng d
020 _a9788122423884
040 _aEG-ScBUE
_beng
_erda
_cEG-ScBUE
_dEG-ScBUE
082 0 4 _222
_a547.84028
_bEXP
245 0 0 _aExperiments in polymer science /
_cD. G. Hundiwale, Director, School of Chemical Sciences, North Maharashtra University, Jalgaon, [and three others]
246 3 0 _aPolymer science
250 _aFirst edition.
264 1 _aNew Delhi :
_bNew Age International (P) Limited, Publishers,
_c2009.
300 _axviii, 184 pages :
_billustrations ;
_c24 cm
336 _2rdacontent
_atext
_btxt
337 _aunmediated
_2rdamedia
_bn
338 _avolume
_bnc
_2rdacarrier
500 _aIncludes Appendices.
504 _aIncludes bibliographical references and index.
650 7 _913282
_aPolymers
_xLaboratory manuals.
_2BUEsh
650 7 _913281
_aPolymerization
_xLabortory manuals.
_2BUEsh
655 _vReading book
700 1 _913283
_aHundiwale, D. G.,
_eauthor.
942 _2ddc
_cBB
999 _c13823
_d13823